000 00928nam a2200241 u 4500
005 20210223131654.0
008 120208s2004 r 000 0 eng d
020 _a9786077565970
035 _aUPN01000183356
049 _aCG
050 4 _aHN50
_bP6.4
245 0 0 _aPolitical and social movements during the sixties and seventies in the Americas and Europe /
_ced. Avital H. Bloch ; coord. Alexandra Pita González.
260 _aMéxico :
_bUniversidad de Colima,
_c2010.
300 _a132 p.
440 0 _aIntelectuales, movimientos radicales y revolucionarios en la América contemporánea ;
_v2
650 4 _aMOVIMIENTOS SOCIALES -
_zAMERICA -
_xHISTORIA
_920196
650 4 _aPARTICIPACION POLITICA -
_zAMERICA -
_xHISTORIA
_920194
651 4 _aAMERICA -
_xCONDICIONES SOCIALES
_920193
651 4 _aAMERICA -
_xPOLITICA Y GOBIERNO
_91414
700 1 _aBloch, Avital H.,
_eed.
905 _aLibro
999 _c155459
_d155459